Statistiques concernant Ville aux quartiers

Cliquez ici pour prendre le quiz!

Statistiques générales

  • Ce quiz a été pris 65 fois
  • Le résultat moyen est 11 sur 18

Statistiques - réponses

QuartiersVille% Correct
Croix-Rousse, La Presqu’Ile, BrotteauxLyon
97%
Chaoyang, 798 Art District, GulouPékin
92%
Copacabana, Centro, IpanemaRio de Janeiro
86%
Harajuku, Shibuya, AsakusaTokyo
85%
Mitte, Kreuzberg, FriedrichsheinBerlin
81%
Monteverde, Trastevere, MontiRome
80%
Grachtengordel, Niuwezijds, De PijpsAmsterdam
78%
Beyoğlu, Nişantaşi, BosporusIstanbul
73%
Quartier gothique, Montjuïc, Port OlympicBarcelone
71%
Töölö, Itäkeskus, SörnäinenHelsinki
71%
Cleopatra, El Saraya, SafarAlexandrie
64%
Braamfontein, Melville, RosebankJohannesbourg
58%
Erszébetváros, Margitsziget, SzentendreBudapest
47%
Wan Chai, Starstreet enceinte, Sheung WanHong Kong
44%
Ekbatan, Farahzad, MahmoodiehTéhéran
32%
Innenstadt, Sachsenhausen, NordendFrancfort
32%
Castro, Haight-Ashbury, MissionSan Francisco
31%
Morningside, Marchmont, TollcrossEdimbourg
17%

Distribution des résultats

Percentile par nombre de réponses

% des personnes avec chaque résultat

Votre développement - résultats

Vous n’avez pas pris ce quiz